[Event "85th ch-BRA 2019"]
[Site "Natal BRA"]
[Date "2019.01.30"]
[Round "1.2"]
[White "Barbosa, Ev"]
[Black "Pinto, C."]
[Result "1-0"]
[WhiteElo "2515"]
[BlackElo "2136"]
[PlyCount "131"]
[EventDate "2019.01.29"]
[EventType "k.o."]
[EventRounds "4"]
[EventCountry "BRA"]
[SourceTitle "The Week in Chess 1265"]
[Source "Mark Crowther"]
[SourceDate "2019.02.04"]
[SourceVersion "1"]
[SourceVersionDate "2019.02.04"]
[SourceQuality "2"]

1. e4 e6 2. d3 d5 3. Qe2 Ne7 4. Nf3 Nbc6 5. g3 dxe4 6. dxe4 Nd4 7. Nxd4 Qxd4 8.
Nc3 Nc6 9. Be3 Qb4 10. O-O-O Bc5 11. f4 Bd7 12. Nb5 O-O-O 13. a3 Bxe3+ 14. Qxe3
Qa5 15. Be2 Kb8 16. Rd2 Bc8 17. Rhd1 Rxd2 18. Rxd2 Rd8 19. Rxd8 Nxd8 20. b4 Qb6
21. Qxb6 axb6 22. e5 Bd7 23. Nc3 Bc6 24. Kd2 Bg2 25. Ke3 Nc6 26. Kf2 Bh3 27. g4
Nd4 28. Bd1 h5 29. Ke3 c5 30. gxh5 Bf5 31. Kd2 Kc7 32. b5 Kd7 33. a4 Ke7 34.
Nb1 Be4 35. Na3 Bd5 36. Kc3 Kd7 37. Nc4 Bxc4 38. Kxc4 Nf5 39. Kd3 Kc7 40. Bf3
Ne7 41. Be4 Ng8 42. Ke3 Nh6 43. Kf3 f6 44. Kg3 Kc8 45. Bd3 Kc7 46. h3 Kc8 47.
Kf3 Kc7 48. Be4 Kc8 49. exf6 gxf6 50. f5 e5 51. Ke3 Kc7 52. Kd3 Kd6 53. Kc4 Kc7
54. Kd5 Kd7 55. a5 bxa5 56. Kxc5 b6+ 57. Kxb6 a4 58. Ka7 a3 59. Bd5 e4 60. b6
e3 61. b7 e2 62. b8=Q e1=Q 63. Be6+ Ke7 64. Qc7+ Ke8 65. Qd7+ Kf8 66. Qd8+ 1-0

[Event "85th ch-BRA 2019"]
[Site "Natal BRA"]
[Date "2019.01.31"]
[Round "2.1"]
[White "Barbosa, Ev"]
[Black "Molina, Rob"]
[Result "0-1"]
[WhiteElo "2515"]
[BlackElo "2458"]
[PlyCount "116"]
[EventDate "2019.01.29"]
[EventType "k.o."]
[EventRounds "4"]
[EventCountry "BRA"]
[SourceTitle "The Week in Chess 1265"]
[Source "Mark Crowther"]
[SourceDate "2019.02.04"]
[SourceVersion "1"]
[SourceVersionDate "2019.02.04"]
[SourceQuality "2"]

1. e4 c6 2. d4 d5 3. Nc3 dxe4 4. Nxe4 Bf5 5. Ng3 Bg6 6. Nh3 e6 7. Nf4 Bd6 8. c3
Qc7 9. Qf3 Nf6 10. Bc4 Nbd7 11. O-O O-O-O 12. Re1 Nd5 13. Nxg6 fxg6 14. Rxe6
Rdf8 15. Qe2 N7f6 16. Bd2 h6 17. Re1 g5 18. Bd3 Kb8 19. c4 Nf4 20. Bxf4 gxf4
21. Nf5 Bb4 22. Rd1 Re8 23. c5 Ba5 24. Nd6 Rxe6 25. Qxe6 Qd7 26. Qe5 Bc7 27.
Bf5 Qd8 28. Bg6 Rf8 29. Re1 a6 30. Qxf4 Ka7 31. Re6 Nd5 32. Qe4 Qg5 33. g3 Nf4
34. Nf7 Qg4 35. Bf5 Qd1+ 36. Qe1 Qxe1+ 37. Rxe1 Rxf7 38. Bg4 Nd5 39. Kg2 Bd8
40. Bf3 Rd7 41. Bg4 Rc7 42. h4 Bf6 43. Rd1 Re7 44. Kf3 Nb4 45. a3 Nc2 46. d5
Nd4+ 47. Kg2 cxd5 48. b4 Nb5 49. a4 Nc3 50. Rd3 d4 51. a5 Re1 52. Bd7 Rb1 53.
g4 Rxb4 54. Rf3 Rc4 55. c6 bxc6 56. g5 hxg5 57. hxg5 Bxg5 58. Rf7 Kb8 0-1

[Event "85th ch-BRA 2019"]
[Site "Natal BRA"]
[Date "2019.02.01"]
[Round "2.2"]
[White "Molina, Rob"]
[Black "Barbosa, Ev"]
[Result "1/2-1/2"]
[WhiteElo "2458"]
[BlackElo "2515"]
[PlyCount "135"]
[EventDate "2019.01.29"]
[EventType "k.o."]
[EventRounds "4"]
[EventCountry "BRA"]
[SourceTitle "The Week in Chess 1265"]
[Source "Mark Crowther"]
[SourceDate "2019.02.04"]
[SourceVersion "1"]
[SourceVersionDate "2019.02.04"]
[SourceQuality "2"]

1. d4 Nf6 2. c4 c5 3. d5 g6 4. Nc3 Bg7 5. e4 d6 6. Nf3 O-O 7. Be2 e6 8. O-O Re8
9. Re1 Na6 10. Bf4 e5 11. Bd2 Nh5 12. g3 Rf8 13. Kg2 Nf6 14. a3 Ne8 15. Ng1 f5
16. exf5 gxf5 17. f4 e4 18. Be3 Bxc3 19. bxc3 Nf6 20. Nh3 Kh8 21. Nf2 Bd7 22.
a4 Qc7 23. Rg1 Rg8 24. Kf1 Rg6 25. Ke1 Rag8 26. Kd2 Qa5 27. Qb3 Bc8 28. Rg2 Nb8
29. Rag1 Nbd7 30. Qb5 Qc7 31. Qb3 Nb6 32. a5 Nbd7 33. Qa2 Nf8 34. Qa1 R6g7 35.
Rb1 Ng6 36. Rgg1 Ne7 37. Rbe1 Bd7 38. Qa2 Nc8 39. Ra1 Be8 40. Rg2 Bh5 41. Bxh5
Nxh5 42. Rag1 Nf6 43. Qa4 Ne7 44. Ke2 Ng6 45. Kf1 b6 46. a6 Qc8 47. Nd1 Nd7 48.
Ra2 Nb8 49. Rgg2 Qd8 50. Bc1 Qf6 51. Ne3 Nf8 52. Bd2 Nfd7 53. Be1 Qg6 54. Qd1
Nf6 55. h3 h5 56. Rh2 Rh7 57. Rag2 Rgg7 58. Qa4 Kg8 59. Ke2 Kf8 60. Kd2 Ne8 61.
g4 hxg4 62. hxg4 Rxh2 63. Rxh2 fxg4 64. f5 Qg5 65. Bh4 Qf4 66. Bg3 Qg5 67. Rh8+
Rg8 68. Bf4 1/2-1/2

[Event "6th Brazil Open 2018"]
[Site "Teresina BRA"]
[Date "2018.08.03"]
[Round "1.4"]
[White "De Souza, Francisco Ferreira"]
[Black "Barbosa, Ev"]
[Result "0-1"]
[WhiteElo "1709"]
[BlackElo "2509"]
[PlyCount "80"]
[EventDate "2018.08.03"]
[EventType "swiss"]
[EventRounds "6"]
[EventCountry "BRA"]
[SourceTitle "The Week in Chess 1239"]
[Source "Mark Crowther"]
[SourceDate "2018.08.06"]
[SourceVersion "1"]
[SourceVersionDate "2018.08.06"]
[SourceQuality "2"]

1. d4 Nf6 2. c4 c5 3. d5 b5 4. cxb5 a6 5. b6 d6 6. Nc3 g6 7. Nf3 Nbd7 8. e4 Bg7
9. h3 O-O 10. Be3 Nxb6 11. Be2 a5 12. a4 Ne8 13. Qd2 Ba6 14. Bh6 Bxe2 15. Bxg7
Kxg7 16. Qxe2 Nc7 17. O-O Qc8 18. Nd2 Qa6 19. Nb5 Nxb5 20. axb5 Qb7 21. b3 Qd7
22. Ra3 Ra7 23. Rfa1 Rfa8 24. Nb1 a4 25. Qb2+ f6 26. bxa4 Nc4 27. Qb3 Nxa3 28.
Rxa3 Ra5 29. Nc3 Qb7 30. f4 R5a7 31. Kf2 c4 32. Qxc4 Qb6+ 33. Kf3 Rc7 34. Qb4
Rac8 35. a5 Qg1 36. Ne2 Qf1+ 37. Ke3 Rc2 38. Qd2 Rxd2 39. Kxd2 Qb1 40. Rc3 Qb2+
0-1

[Event "6th Brazil Open 2018"]
[Site "Teresina BRA"]
[Date "2018.08.03"]
[Round "2.4"]
[White "Barbosa, Ev"]
[Black "Correa, Luca Soares"]
[Result "1-0"]
[WhiteElo "2509"]
[BlackElo "1910"]
[PlyCount "45"]
[EventDate "2018.08.03"]
[EventType "swiss"]
[EventRounds "6"]
[EventCountry "BRA"]
[SourceTitle "The Week in Chess 1239"]
[Source "Mark Crowther"]
[SourceDate "2018.08.06"]
[SourceVersion "1"]
[SourceVersionDate "2018.08.06"]
[SourceQuality "2"]

1. e4 e6 2. d3 c5 3. Nf3 Nc6 4. g3 b6 5. Bg2 Bb7 6. O-O d6 7. c3 Qc7 8. d4 Nf6
9. d5 exd5 10. exd5 Nb8 11. Nh4 Be7 12. Nf5 O-O 13. Re1 Re8 14. Bg5 Na6 15.
Rxe7 Rxe7 16. Bxf6 gxf6 17. Qg4+ Kf8 18. Na3 Bc8 19. Qg7+ Ke8 20. Qg8+ Kd7 21.
Nxe7 Qd8 22. Bh3+ Kc7 23. Nb5+ 1-0

[Event "6th Brazil Open 2018"]
[Site "Teresina BRA"]
[Date "2018.08.04"]
[Round "3.4"]
[White "Mello Sales, Caio de"]
[Black "Barbosa, Ev"]
[Result "0-1"]
[WhiteElo "2029"]
[BlackElo "2509"]
[PlyCount "76"]
[EventDate "2018.08.03"]
[EventType "swiss"]
[EventRounds "6"]
[EventCountry "BRA"]
[SourceTitle "The Week in Chess 1239"]
[Source "Mark Crowther"]
[SourceDate "2018.08.06"]
[SourceVersion "1"]
[SourceVersionDate "2018.08.06"]
[SourceQuality "2"]

1. e4 c5 2. Nf3 e6 3. d4 cxd4 4. Nxd4 Nc6 5. Nc3 Qc7 6. Be3 a6 7. f3 Nf6 8. Qd2
Bb4 9. O-O-O O-O 10. g4 Ne5 11. a3 Bxc3 12. bxc3 d5 13. g5 Nfd7 14. f4 Nc4 15.
Bxc4 Qxc4 16. exd5 Nc5 17. Nb3 Na4 18. d6 Bd7 19. Qd4 Qxc3 20. Qxc3 Nxc3 21.
Rd3 Nd5 22. c4 Nxe3 23. Rxe3 Rfc8 24. Rc3 a5 25. Kb2 a4 26. Nd4 Rc5 27. Rd1
Rac8 28. Rdc1 Kf8 29. Nb5 R8c6 30. R1c2 Rb6 31. Kc1 h6 32. gxh6 gxh6 33. Rh3 h5
34. f5 Rxf5 35. Rg3 Bxb5 36. cxb5 Rxd6 37. Rc8+ Ke7 38. Rc7+ Rd7 0-1

[Event "6th Brazil Open 2018"]
[Site "Teresina BRA"]
[Date "2018.08.04"]
[Round "4.1"]
[White "Barbosa, Ev"]
[Black "Leitao, R."]
[Result "1/2-1/2"]
[WhiteElo "2509"]
[BlackElo "2618"]
[PlyCount "46"]
[EventDate "2018.08.03"]
[EventType "swiss"]
[EventRounds "6"]
[EventCountry "BRA"]
[SourceTitle "The Week in Chess 1239"]
[Source "Mark Crowther"]
[SourceDate "2018.08.06"]
[SourceVersion "1"]
[SourceVersionDate "2018.08.06"]
[SourceQuality "2"]

1. e4 c6 2. d4 d5 3. Nc3 dxe4 4. Nxe4 Bf5 5. Ng3 Bg6 6. h4 h6 7. Nf3 Nd7 8. h5
Bh7 9. Bd3 Bxd3 10. Qxd3 e6 11. Bd2 Ngf6 12. O-O-O Be7 13. Qe2 O-O 14. Nf1 c5
15. g4 cxd4 16. g5 hxg5 17. h6 g6 18. Bxg5 Nh7 19. Bxe7 Qxe7 20. Nxd4 Rfd8 21.
Ne3 Qf6 22. Nb5 Ne5 23. Kb1 a6 1/2-1/2

[Event "6th Brazil Open 2018"]
[Site "Teresina BRA"]
[Date "2018.08.05"]
[Round "5.3"]
[White "Mekhitarian, K."]
[Black "Barbosa, Ev"]
[Result "0-1"]
[WhiteElo "2554"]
[BlackElo "2509"]
[PlyCount "132"]
[EventDate "2018.08.03"]
[EventType "swiss"]
[EventRounds "6"]
[EventCountry "BRA"]
[SourceTitle "The Week in Chess 1239"]
[Source "Mark Crowther"]
[SourceDate "2018.08.06"]
[SourceVersion "1"]
[SourceVersionDate "2018.08.06"]
[SourceQuality "2"]

1. e4 c5 2. Nf3 e6 3. d4 cxd4 4. Nxd4 Nc6 5. Nc3 d6 6. Be3 Nf6 7. Qd2 Be7 8.
Be2 O-O 9. O-O-O a6 10. Nxc6 bxc6 11. g4 d5 12. g5 Nd7 13. h4 Rb8 14. Kb1 Bb4
15. h5 Qa5 16. Ka1 Nc5 17. Bxc5 Qxc5 18. f4 Qb6 19. Qd3 Bd6 20. Na4 Qb4 21. e5
Be7 22. Qb3 Bd7 23. Qxb4 Rxb4 24. b3 Rxf4 25. Nb6 Be8 26. Bxa6 Bxg5 27. a4 Rb4
28. a5 Bd8 29. Kb2 Bxb6 30. c3 Bxa5 31. cxb4 Bxb4 32. Rh4 Be7 33. Rh3 f6 34.
exf6 Bxf6+ 35. Kc2 Bd7 36. h6 Ra8 37. Bd3 e5 38. Rg3 e4 39. Bxe4 Ra2+ 40. Kd3
dxe4+ 41. Kxe4 Re2+ 42. Kf3 Re7 43. hxg7 Bxg7 44. Rg5 Kf7 45. b4 h6 46. Rc5 Be8
47. Rd6 Re6 48. Rd8 Bf8 49. Rf5+ Ke7 50. Rb8 Bg7 51. b5 cxb5 52. Rb7+ Bd7 53.
Rfxb5 Rd6 54. Ra7 Bd4 55. Rab7 Ke6 56. Kg4 Bxb5 57. Rxb5 Be5 58. Rb4 Kf6 59.
Kh5 Kf5 60. Rh4 Bf4 61. Rh1 Rd3 62. Rh4 Rd1 63. Rh3 Rg1 64. Rh4 Rg5+ 65. Kxh6
Rg4+ 66. Kh5 Rg8 0-1

[Event "IV Concordia Open 2018"]
[Site "Concordia BRA"]
[Date "2018.06.29"]
[Round "1.5"]
[White "Valente, Fernando Cesar"]
[Black "Barbosa, Ev"]
[Result "0-1"]
[WhiteElo "1521"]
[BlackElo "2513"]
[PlyCount "50"]
[EventDate "2018.06.29"]
[EventType "swiss"]
[EventRounds "6"]
[EventCountry "BRA"]
[SourceTitle "The Week in Chess 1234"]
[Source "Mark Crowther"]
[SourceDate "2018.07.02"]
[SourceVersion "1"]
[SourceVersionDate "2018.07.02"]
[SourceQuality "2"]

1. e4 c5 2. Nf3 e6 3. c3 d5 4. exd5 Qxd5 5. d4 Nf6 6. Be2 Nc6 7. O-O cxd4 8.
cxd4 Be7 9. Nc3 Qd6 10. h3 O-O 11. Be3 b6 12. Rc1 Bb7 13. Qd2 Rfd8 14. Rfd1
Rac8 15. a3 Nd5 16. Bg5 Bxg5 17. Nxg5 Nxc3 18. bxc3 h6 19. Nf3 Qxa3 20. Qf4 Qd6
21. Qg4 Na5 22. Ne5 Nb3 23. Rc2 Nxd4 24. Rcd2 Qxe5 25. cxd4 Qg5 0-1

[Event "IV Concordia Open 2018"]
[Site "Concordia BRA"]
[Date "2018.06.29"]
[Round "2.5"]
[White "Barbosa, Ev"]
[Black "Acosta, P."]
[Result "0-1"]
[WhiteElo "2513"]
[BlackElo "1918"]
[PlyCount "64"]
[EventDate "2018.06.29"]
[EventType "swiss"]
[EventRounds "6"]
[EventCountry "BRA"]
[SourceTitle "The Week in Chess 1234"]
[Source "Mark Crowther"]
[SourceDate "2018.07.02"]
[SourceVersion "1"]
[SourceVersionDate "2018.07.02"]
[SourceQuality "2"]

1. e4 e6 2. d3 d5 3. Qe2 Be7 4. Nf3 Nf6 5. g3 c5 6. Bg2 Nc6 7. O-O O-O 8. e5
Nd7 9. c4 d4 10. Bf4 g5 11. Bc1 g4 12. Ne1 Ncxe5 13. f4 gxf3 14. Nxf3 Nxf3+ 15.
Qxf3 f5 16. Bf4 Nf6 17. Na3 Rf7 18. Rae1 Qb6 19. h3 a6 20. Rf2 Bd6 21. Be5 Bxe5
22. Rxe5 Qd6 23. Qf4 Nh5 24. Qg5+ Ng7 25. Rfe2 Rb8 26. g4 Bd7 27. gxf5 Kh8 28.
fxe6 Nxe6 29. Qh6 Rg8 30. Rxe6 Bxe6 31. Rxe6 Qg3 32. Re2 Rgf8 0-1

[Event "IV Concordia Open 2018"]
[Site "Concordia BRA"]
[Date "2018.06.30"]
[Round "3.17"]
[White "Vicenzi, Liziane Nathalia"]
[Black "Barbosa, Ev"]
[Result "0-1"]
[WhiteElo "1511"]
[BlackElo "2513"]
[PlyCount "60"]
[EventDate "2018.06.29"]
[EventType "swiss"]
[EventRounds "6"]
[EventCountry "BRA"]
[SourceTitle "The Week in Chess 1234"]
[Source "Mark Crowther"]
[SourceDate "2018.07.02"]
[SourceVersion "1"]
[SourceVersionDate "2018.07.02"]
[SourceQuality "2"]

1. d4 Nf6 2. c4 c5 3. d5 b5 4. cxb5 a6 5. g3 axb5 6. Bg2 d6 7. e3 g6 8. Ne2 Bg7
9. O-O O-O 10. Qc2 Na6 11. Bd2 b4 12. e4 Nc7 13. a3 Nd7 14. f4 Nb6 15. a4 Ba6
16. Re1 Qd7 17. Bc1 Bb5 18. a5 Nc4 19. Nd2 Ne3 20. Qb3 Nxg2 21. Kxg2 e6 22. Nc4
Ra6 23. Nb6 Qe7 24. Bd2 exd5 25. Ng1 dxe4 26. Nd5 Nxd5 27. Qxd5 Bc6 28. Qc4
Rfa8 29. Kf2 d5 30. Qc2 d4 0-1

[Event "IV Concordia Open 2018"]
[Site "Concordia BRA"]
[Date "2018.06.30"]
[Round "4.9"]
[White "Barbosa, Ev"]
[Black "Schena, Arthur"]
[Result "1-0"]
[WhiteElo "2513"]
[BlackElo "1863"]
[PlyCount "69"]
[EventDate "2018.06.29"]
[EventType "swiss"]
[EventRounds "6"]
[EventCountry "BRA"]
[SourceTitle "The Week in Chess 1234"]
[Source "Mark Crowther"]
[SourceDate "2018.07.02"]
[SourceVersion "1"]
[SourceVersionDate "2018.07.02"]
[SourceQuality "2"]

1. e4 c5 2. Nf3 e6 3. d4 cxd4 4. Nxd4 Nf6 5. Nc3 Nc6 6. Ndb5 Bb4 7. a3 Bxc3+ 8.
Nxc3 d5 9. exd5 exd5 10. Bd3 O-O 11. O-O d4 12. Ne2 Bg4 13. f3 Bh5 14. Nf4 Bg6
15. Nxg6 hxg6 16. f4 Nd5 17. Qf3 Re8 18. Bd2 Ne3 19. Rfe1 Qb6 20. b4 Re6 21. c4
Rae8 22. Kh1 Nf5 23. Rxe6 Rxe6 24. c5 Qd8 25. b5 Na5 26. Rb1 Ne3 27. Rb4 Qd5
28. Qxd5 Nxd5 29. Rxd4 Nb3 30. Rxd5 Nxd2 31. Kg1 f5 32. Rd7 Re1+ 33. Kf2 Rc1
34. Rxb7 Rxc5 35. Rxa7 1-0

[Event "IV Concordia Open 2018"]
[Site "Concordia BRA"]
[Date "2018.07.01"]
[Round "5.6"]
[White "Florianovitz, Derlei Alex"]
[Black "Barbosa, Ev"]
[Result "0-1"]
[WhiteElo "2051"]
[BlackElo "2513"]
[PlyCount "102"]
[EventDate "2018.06.29"]
[EventType "swiss"]
[EventRounds "6"]
[EventCountry "BRA"]
[SourceTitle "The Week in Chess 1234"]
[Source "Mark Crowther"]
[SourceDate "2018.07.02"]
[SourceVersion "1"]
[SourceVersionDate "2018.07.02"]
[SourceQuality "2"]

1. e4 c5 2. Nc3 e6 3. g3 d5 4. d3 dxe4 5. dxe4 Qxd1+ 6. Nxd1 Nc6 7. Ne2 b6 8.
Bd2 Bb7 9. f3 O-O-O 10. Ne3 Nf6 11. O-O-O Be7 12. Bg2 Ba6 13. Rhe1 Nd4 14. Ng1
g5 15. Bf1 Bb7 16. c3 Nc6 17. Nh3 Ne5 18. Nxg5 Nfd7 19. Nc4 Nxc4 20. Bxc4 Ne5
21. Be2 Rxd2 22. Rxd2 Bxg5 23. f4 Bh6 24. b3 Ng6 25. Kb2 Kc7 26. Bh5 e5 27.
Bxg6 hxg6 28. Rf2 Bc8 29. Rd1 Re8 30. fxe5 Be6 31. Rdf1 Rf8 32. Rd1 Bg7 33. Rd6
Rd8 34. Rxd8 Kxd8 35. a4 Bxe5 36. Kc2 Ke7 37. b4 Bd6 38. b5 c4 39. Rd2 Bc7 40.
Rf2 Kd6 41. Re2 Ke5 42. Kd2 Bd6 43. Ke3 Bg4 44. Re1 Bc5+ 45. Kd2 f6 46. Rf1 Bh3
47. Ra1 Bg2 48. a5 Bxe4 49. axb6 Bxb6 50. Rf1 f5 51. h4 Kd5 0-1

[Event "Brazil Foz do Iguacu Open"]
[Site "Foz do Iguacu BRA"]
[Date "2018.05.16"]
[Round "1.7"]
[White "Ferrero, Carlos E."]
[Black "Barbosa, Ev"]
[Result "0-1"]
[WhiteElo "1901"]
[BlackElo "2520"]
[PlyCount "110"]
[EventDate "2018.05.16"]
[EventType "swiss"]
[EventRounds "9"]
[EventCountry "BRA"]
[SourceTitle "The Week in Chess 1228"]
[Source "Mark Crowther"]
[SourceDate "2018.05.21"]
[SourceVersion "1"]
[SourceVersionDate "2018.05.21"]
[SourceQuality "2"]

1. d4 Nf6 2. Nf3 c5 3. c3 d5 4. e3 e6 5. Nbd2 Nc6 6. Be2 Bd6 7. O-O O-O 8. b3
e5 9. dxe5 Nxe5 10. c4 Bf5 11. cxd5 Nxd5 12. Nc4 Nxc4 13. Bxc4 Nb6 14. Be2 Qf6
15. Ba3 Rfd8 16. Qc1 Nd5 17. Bb2 Qh6 18. Be5 Bxe5 19. Nxe5 Qf6 20. f4 Qe7 21.
Bf3 Nb4 22. e4 Be6 23. Qc3 Rd4 24. a3 Na6 25. Nd3 Rad8 26. Nf2 Nc7 27. Rac1 b6
28. Qe3 Bc8 29. Rcd1 Bb7 30. Rxd4 cxd4 31. Qc1 Nb5 32. a4 Nc3 33. Re1 Qb4 34.
Nd3 Qxb3 35. Qd2 Nxa4 36. Rc1 Nc3 37. e5 Bxf3 38. gxf3 Qe6 39. Nf2 Qc6 40. Kg2
b5 41. f5 Qh6 42. f4 Qc6+ 43. Kg3 Ne2+ 44. Qxe2 Qxc1 45. Qxb5 Qe3+ 46. Kg2 Qxf4
47. e6 Qg5+ 48. Kf1 fxe6 49. Qa5 exf5 50. h4 Qxh4 51. Qa2+ Kh8 52. Qf7 Qf6 53.
Qxa7 d3 54. Ke1 d2+ 55. Kd1 Qb2 0-1

[Event "Brazil Foz do Iguacu Open"]
[Site "Foz do Iguacu BRA"]
[Date "2018.05.16"]
[Round "2.7"]
[White "Barbosa, Ev"]
[Black "Nery Junior, J."]
[Result "1-0"]
[WhiteElo "2520"]
[BlackElo "2167"]
[PlyCount "85"]
[EventDate "2018.05.16"]
[EventType "swiss"]
[EventRounds "9"]
[EventCountry "BRA"]
[SourceTitle "The Week in Chess 1228"]
[Source "Mark Crowther"]
[SourceDate "2018.05.21"]
[SourceVersion "1"]
[SourceVersionDate "2018.05.21"]
[SourceQuality "2"]

1. e4 c5 2. Nf3 e6 3. d3 a6 4. g3 b5 5. Bg2 Bb7 6. O-O Nf6 7. Re1 d5 8. exd5
Nxd5 9. Ne5 Qc7 10. Qe2 Bd6 11. c4 Nb4 12. Nf3 O-O 13. Nc3 bxc4 14. dxc4 N8c6
15. a3 Nd4 16. Nxd4 cxd4 17. axb4 Bxg2 18. Kxg2 Bxb4 19. Bf4 Qc6+ 20. Qe4 Qxe4+
21. Nxe4 Bxe1 22. Rxe1 e5 23. Bxe5 Rfe8 24. f4 f6 25. Bxf6 Rxe4 26. Rxe4 gxf6
27. Rxd4 Rb8 28. Rd2 Rb4 29. Rc2 Kf7 30. Kf3 Ke6 31. Ke4 a5 32. Kd4 Kd6 33. Rd2
Rb3 34. Re2 Rb4 35. f5 Kd7 36. Kd5 Rb3 37. Rd2 Re3 38. c5 Kc7 39. Kc4 Re5 40.
Kb5 Rxf5 41. Rc2 h5 42. Kxa5 h4 43. gxh4 1-0

[Event "Brazil Foz do Iguacu Open"]
[Site "Foz do Iguacu BRA"]
[Date "2018.05.17"]
[Round "3.5"]
[White "Terao, J."]
[Black "Barbosa, Ev"]
[Result "1-0"]
[WhiteElo "2255"]
[BlackElo "2520"]
[PlyCount "117"]
[EventDate "2018.05.16"]
[EventType "swiss"]
[EventRounds "9"]
[EventCountry "BRA"]
[SourceTitle "The Week in Chess 1228"]
[Source "Mark Crowther"]
[SourceDate "2018.05.21"]
[SourceVersion "1"]
[SourceVersionDate "2018.05.21"]
[SourceQuality "2"]

1. e4 c5 2. c3 Nf6 3. e5 Nd5 4. d4 cxd4 5. Nf3 e6 6. cxd4 d6 7. Bc4 Be7 8. O-O
O-O 9. Qe2 b6 10. Bxd5 exd5 11. Rd1 Nc6 12. Nc3 Be6 13. Qb5 Rc8 14. Nxd5 Bxd5
15. Qxd5 Nb4 16. Qe4 dxe5 17. Nxe5 Qd5 18. Qxd5 Nxd5 19. Bd2 Rc2 20. Rab1 Rd8
21. Nf3 Bf6 22. Rdc1 Rc7 23. Rxc7 Nxc7 24. Be3 Ne6 25. Rd1 Rd5 26. Kf1 Kf8 27.
Ke2 Ke7 28. Kd3 Nc5+ 29. Kc2 Ne6 30. b4 b5 31. Kd3 Kd6 32. Rc1 h5 33. h4 Bd8
34. Ne5 f5 35. Rc6+ Ke7 36. Bg5+ Nxg5 37. hxg5 Bb6 38. Nf3 Rd8 39. Rc1 Kf7 40.
a4 bxa4 41. Ra1 Rc8 42. Rxa4 Rc1 43. Ra2 Rh1 44. Kc4 h4 45. Kd5 Rb1 46. Ne5+
Ke8 47. Re2 Kd8 48. Ke6 Kc7 49. d5 Rxb4 50. d6+ Kb7 51. Kxf5 Rd4 52. Nf7 a5 53.
Kg6 a4 54. Kxg7 a3 55. Ra2 Bc5 56. g6 Kc6 57. Kh7 h3 58. gxh3 Rh4+ 59. Nh6 1-0

[Event "Brazil Foz do Iguacu Open"]
[Site "Foz do Iguacu BRA"]
[Date "2018.05.17"]
[Round "4.8"]
[White "Barbosa, Ev"]
[Black "Donoso Diaz, Sebastian"]
[Result "1-0"]
[WhiteElo "2520"]
[BlackElo "2120"]
[PlyCount "62"]
[EventDate "2018.05.16"]
[EventType "swiss"]
[EventRounds "9"]
[EventCountry "BRA"]
[SourceTitle "The Week in Chess 1228"]
[Source "Mark Crowther"]
[SourceDate "2018.05.21"]
[SourceVersion "1"]
[SourceVersionDate "2018.05.21"]
[SourceQuality "2"]

1. c4 c5 2. Nc3 Nc6 3. g3 Nf6 4. Bg2 d6 5. d3 h6 6. Nf3 e5 7. O-O Be7 8. a3 Be6
9. Rb1 d5 10. cxd5 Nxd5 11. Nd2 O-O 12. Nc4 Rb8 13. Ne3 Nxe3 14. Bxe3 Nd4 15.
b4 cxb4 16. axb4 Qd7 17. Ne4 Rbc8 18. Bxd4 exd4 19. b5 Rc7 20. Qa4 Rfc8 21.
Qxa7 Rc2 22. Rfd1 Ra2 23. Qb6 Rcc2 24. Rbc1 Bd8 25. Qd6 Qxd6 26. Nxd6 Rxe2 27.
Rf1 b6 28. Rce1 Be7 29. Rxe2 Rxe2 30. Ne4 Bc5 31. Bf3 Rc2 1-0

[Event "Brazil Foz do Iguacu Open"]
[Site "Foz do Iguacu BRA"]
[Date "2018.05.18"]
[Round "6.7"]
[White "Barbosa, Ev"]
[Black "Coppola, C."]
[Result "1-0"]
[WhiteElo "2520"]
[BlackElo "2223"]
[PlyCount "107"]
[EventDate "2018.05.16"]
[EventType "swiss"]
[EventRounds "9"]
[EventCountry "BRA"]
[SourceTitle "The Week in Chess 1228"]
[Source "Mark Crowther"]
[SourceDate "2018.05.21"]
[SourceVersion "1"]
[SourceVersionDate "2018.05.21"]
[SourceQuality "2"]

1. g3 e5 2. c4 Nc6 3. Bg2 g6 4. Nc3 Bg7 5. d3 d6 6. e4 f5 7. Nge2 Nf6 8. O-O
O-O 9. exf5 Bxf5 10. h3 Qd7 11. Kh2 Rae8 12. Be3 Nb4 13. Nc1 Nc6 14. Nb3 Nb4
15. Ne4 Nxe4 16. dxe4 Be6 17. c5 Bc4 18. Rg1 Qe6 19. cxd6 cxd6 20. Na5 Bxa2 21.
Qa4 b6 22. Qxb4 bxa5 23. Qxa5 Bc4 24. Bxa7 Ra8 25. Qd2 Rf7 26. Be3 Rb8 27. Ra7
Bh6 28. Rxf7 Bxe3 29. Qxe3 Qxf7 30. Qd2 Qb7 31. Rc1 Qb4 32. Qe3 Be6 33. Rc2 Ra8
34. Qg5 Qb6 35. Qe7 Bf7 36. h4 Re8 37. Qf6 Bb3 38. Rc3 Be6 39. Bf1 Qb7 40. Kg1
Qd7 41. Qg5 Qb7 42. Qf6 Qd7 43. Qf3 Qa7 44. Qe2 Qd4 45. Rd3 Qc5 46. Qd2 Rd8 47.
h5 Rd7 48. Rc3 Qb6 49. Ra3 Qb7 50. Qe3 Rf7 51. Ra6 Bh3 52. Bc4 Kg7 53. h6+ Kf8
54. Rb6 1-0

[Event "Brazil Foz do Iguacu Open"]
[Site "Foz do Iguacu BRA"]
[Date "2018.05.19"]
[Round "7.6"]
[White "Martinez, Carl BRA"]
[Black "Barbosa, Ev"]
[Result "1/2-1/2"]
[WhiteElo "2507"]
[BlackElo "2520"]
[PlyCount "51"]
[EventDate "2018.05.16"]
[EventType "swiss"]
[EventRounds "9"]
[EventCountry "BRA"]
[SourceTitle "The Week in Chess 1228"]
[Source "Mark Crowther"]
[SourceDate "2018.05.21"]
[SourceVersion "1"]
[SourceVersionDate "2018.05.21"]
[SourceQuality "2"]

1. c4 c5 2. Nf3 Nc6 3. g3 e5 4. Nc3 g6 5. Bg2 Bg7 6. O-O d6 7. d3 Nge7 8. Ne1
Be6 9. e4 O-O 10. Nc2 Qd7 11. a3 a5 12. Rb1 a4 13. Nb5 f5 14. exf5 Nxf5 15. Ne3
Ncd4 16. Nxd4 Nxe3 17. Bxe3 exd4 18. Bg5 d5 19. b3 axb3 20. cxd5 Bxd5 21. Bxd5+
Qxd5 22. Qxb3 Qxb3 23. Rxb3 Rf7 24. Rc1 Bf8 25. Rcb1 Ra7 26. Bf4 1/2-1/2

[Event "Brazil Foz do Iguacu Open"]
[Site "Foz do Iguacu BRA"]
[Date "2018.05.19"]
[Round "8.5"]
[White "Barbosa, Ev"]
[Black "Jodorcovsky, P."]
[Result "1-0"]
[WhiteElo "2520"]
[BlackElo "2263"]
[PlyCount "107"]
[EventDate "2018.05.16"]
[EventType "swiss"]
[EventRounds "9"]
[EventCountry "BRA"]
[SourceTitle "The Week in Chess 1228"]
[Source "Mark Crowther"]
[SourceDate "2018.05.21"]
[SourceVersion "1"]
[SourceVersionDate "2018.05.21"]
[SourceQuality "2"]

1. e4 c5 2. Nf3 e6 3. d4 cxd4 4. Nxd4 a6 5. Bd3 Bc5 6. Nb3 Ba7 7. Qg4 Nf6 8.
Qg3 d6 9. Nc3 Nc6 10. Bg5 h6 11. Bd2 Nh5 12. Qf3 Nf6 13. O-O-O Ne5 14. Qg3
Nxd3+ 15. cxd3 e5 16. h3 Be6 17. Qxg7 Rg8 18. Qxh6 Bxf2 19. Bg5 Ng4 20. Qxe6+
fxe6 21. Bxd8 Be3+ 22. Kb1 Nf2 23. Ba5 Nxh1 24. Rxh1 Rxg2 25. Bb4 O-O-O 26. Re1
Rg1 27. Rxg1 Bxg1 28. Nd2 b6 29. Ne2 Bc5 30. Bxc5 bxc5 31. Ng1 Rg8 32. Ngf3 d5
33. b3 Kc7 34. Kc2 Kd6 35. Kd1 a5 36. Ke2 a4 37. Kf2 axb3 38. axb3 Rg7 39. h4
Rg8 40. Ng5 Rf8+ 41. Kg3 Rf6 42. h5 Kc6 43. Ngf3 Kb5 44. Nxe5 Kb4 45. Nef3 Kc3
46. d4 Rh6 47. Kg4 Kd3 48. exd5 cxd4 49. Kg5 Rh8 50. dxe6 Ke3 51. h6 d3 52. e7
Re8 53. Kf6 Rh8 54. Kg7 1-0